000
00311nam a22001337a 4500
999
_c
528984
_d
528984
003
NUST
038
_a
MSOHAIL
082
_a
0
100
_a
Purdue University
_9
20832
245
_a
Proceeding 4th International Conference
260
_a
USA
_b
Purdue University
_c
1989
300
_a
745,p;
_c
25cm
942
_2
ddc
_c
BK